| 000 | 01156naa a22003017a 4500 | ||
|---|---|---|---|
| 001 | BR8305515 | ||
| 003 | BR-BrBNA | ||
| 005 | 20240918175340.0 | ||
| 007 | ta | ||
| 008 | 230509b bl.||||| |||| 00| 0 por d | ||
| 040 |
_aBR-BrBNA _bpor _cBiblioteca Nacional de Agricultura |
||
| 041 | _a(Pt) | ||
| 072 |
_aF10; F00 _b0150 _bG514 |
||
| 090 | _aF10 BR8305515 | ||
| 100 | 1 | _aRochedo, P.R.C. | |
| 111 | 1 |
_a11. Congresso Brasileiro de Engenharia Agricola _cBrasilia, DF (Brazil) _d22-27 Jun 1981 |
|
| 245 | 1 | _aAplicacao dos dados da chuva efetiva na lavoura do arroz irrigado [meteorologia, Oryza sativa, Rio Grande do Sul, Brasil] | |
| 260 | 3 |
_aBrasilia, DF (Brasil): _c1983. |
|
| 500 | _aAnais do 11. Congresso Brasileiro de Engenharia Agricola, v. 2 Brasilia, DF (Brasil): 1983. p. 929-938 (BR8305515-AM)F10 | ||
| 650 | _aMETEOROLOGIA | ||
| 650 | _aIRRIGACAO | ||
| 650 | _aPRODUCAO VEGETAL | ||
| 650 | _aARROZ | ||
| 650 | _aRIO GRANDE DO SUL | ||
| 773 | 0 |
_tAnais do 11. Congresso Brasileiro de Engenharia Agricola, v. 2 _wF10 BR8305515 _gBrasilia, DF (Brasil), 1983. p. 929-938 |
|
| 909 |
_a202404 _bLucia _c55 _dLucia Elande |
||
| 942 |
_cAM _2AGRIS |
||
| 999 |
_c316271 _d316271 |
||